| LEADER | 00927nam a2200337 4500 | ||
|---|---|---|---|
| 001 | DLU060056066 | ||
| 005 | ##20061101 | ||
| 008 | ##950118s1996 nyua b 001 0 eng | ||
| 010 | # | # | |a 95002208 |
| 020 | # | # | |a 0070463158 (alk. paper) |
| 035 | # | # | |9 (DLC) 95002208 |
| 040 | # | # | |a DLC |c DLC |d DLC |
| 050 | # | # | |a HM51 |b .N45 1996 |
| 082 | # | # | |a 301 |b NE-K |
| 100 | # | # | |a Neubeck, Kenneth J. |
| 245 | # | # | |a Sociology : |b a critical approach / |c Kenneth J. Neubeck, Davita Silfen Glasberg |
| 260 | # | # | |a New York : |b McGraw-Hill, |c 1996 |
| 300 | # | # | |a xviii, 600 p. ; |c 23 cm |
| 504 | # | # | |a Includes bibliographical references and indexes |
| 650 | # | # | |a Sociology |
| 700 | # | # | |a Glasberg, Davita Silfen. |
| 923 | # | # | |a 25/2006 |
| 992 | # | # | |a 24.800 |
| 994 | # | # | |a DLU |
| 900 | # | # | |a True |
| 911 | # | # | |a Đào Thị Thu Huyền |
| 925 | # | # | |a G |
| 926 | # | # | |a A |
| 927 | # | # | |a SH |
| 980 | # | # | |a Thư viện Trường Đại học Đà Lạt |


